Catálogo de la Biblioteca Horacio González - Universidad Nacional de General Sarmiento

Uturuncos : (Registro nro. 17759)

Detalles MARC
000 -CABECERA
campo de control de longitud fija 01654nam a22003370a 4500
001 - NÚMERO DE CONTROL
campo de control PT18868
003 - IDENTIFICADOR DEL NÚMERO DE CONTROL
campo de control AR-LpoUNG
005 - FECHA Y HORA DE LA ÚLTIMA TRANSACCIÓN
campo de control 20210131232832.0
008 - DATOS DE LONGITUD FIJA--INFORMACIÓN GENERAL
campo de control de longitud fija 191001s2003||||ag |||||||||||||||||spa d
020 ## - NÚMERO INTERNACIONAL ESTÁNDAR DEL LIBRO
Número Internacional Estándar del Libro 9507863869
Condiciones de disponibilidad $4,66
040 ## - FUENTE DE LA CATALOGACIÓN
Centro catalogador/agencia de origen AR-LpoUNG
Lengua de catalogación spa
Centro/agencia transcriptor AR-LpoUNG
Normas de descripción aacr
041 ## - CÓDIGO DE LENGUA
Código de lengua del texto/banda sonora o título independiente spa
044 ## - CÓDIGO DEL PAÍS DE LA ENTIDAD EDITORA/PRODUCTORA
Código MARC del país ag
082 0# - NÚMERO DE LA CLASIFICACIÓN DECIMAL DEWEY
Número de clasificación 982.063 159utu
100 1# - ENTRADA PRINCIPAL--NOMBRE DE PERSONA
Nombre de persona Salas, Ernesto
245 10 - MENCIÓN DE TÍTULO
Título Uturuncos :
Resto del título el origen de la guerrilla peronista
250 ## - MENCIÓN DE EDICIÓN
Mención de edición 1ra ed.
260 ## - PUBLICACIÓN, DISTRIBUCIÓN, ETC.
Lugar de publicación, distribución, etc. Buenos Aires :
Nombre del editor, distribuidor, etc. Biblos,
Fecha de publicación, distribución, etc. 2003.
300 ## - DESCRIPCIÓN FÍSICA
Extensión 138 p. :
Otras características físicas tbls., gráfs., il.
520 ## - SUMARIO, ETC.
Sumario, etc. <p>Repasa la historia de la primera fuerza guerrillera de la Argentina. Uturuncos actuó diez años antes que sus pares y por ello sólo fue considerado por los investigadores como un antecedente lejano y menor de aquellas experiencias que marcaron a una generación de argentinos.Sin embargo, al no haberse reconstruido la secuencia que va desde estos lejanos orígenes hasta las formaciones armadas de fines de los 60, la experiencia del debate generado entre los militantes, tanto peronistas como marxistas, sobre la capacidad y posibilidad de la violencia revolucionaria como forma de lucha es derivada de los acontecimientos de la segunda mitad de esta década, perdiendose la riqueza de una historia que arranca en los años inmediatamente posteriores al golpe militar de 1955.</p>
650 #4 - PUNTO DE ACCESO ADICIONAL DE MATERIA--TÉRMINO DE MATERIA
Término de materia o nombre geográfico como elemento de entrada ANALISIS HISTORICO
650 #4 - PUNTO DE ACCESO ADICIONAL DE MATERIA--TÉRMINO DE MATERIA
Término de materia o nombre geográfico como elemento de entrada ARGENTINA
650 #4 - PUNTO DE ACCESO ADICIONAL DE MATERIA--TÉRMINO DE MATERIA
Término de materia o nombre geográfico como elemento de entrada ASPECTOS POLITICOS
650 #4 - PUNTO DE ACCESO ADICIONAL DE MATERIA--TÉRMINO DE MATERIA
Término de materia o nombre geográfico como elemento de entrada GUERRILLEROS
650 #4 - PUNTO DE ACCESO ADICIONAL DE MATERIA--TÉRMINO DE MATERIA
Término de materia o nombre geográfico como elemento de entrada HISTORIA
650 #4 - PUNTO DE ACCESO ADICIONAL DE MATERIA--TÉRMINO DE MATERIA
Término de materia o nombre geográfico como elemento de entrada HISTORIA POLITICA
650 #4 - PUNTO DE ACCESO ADICIONAL DE MATERIA--TÉRMINO DE MATERIA
Término de materia o nombre geográfico como elemento de entrada MOVIMIENTOS DE LIBERACION NACIONAL
651 #4 - PUNTO DE ACCESO ADICIONAL DE MATERIA--NOMBRE GEOGRÁFICO
Nombre geográfico Argentina
905 ## - ELEMENTOS DE DATOS E LOCAL, LDE (RLIN)
a 18868
942 ## - ELEMENTOS DE PUNTO DE ACCESO ADICIONAL (KOHA)
Tipo de ítem Koha Libro
Existencias
Estado de retiro Estado de pérdida Estado dañado No para préstamo Código de colección Localización permanente Ubicación/localización actual Fecha de adquisición Total de préstamos Signatura topográfica completa Código de barras Fecha visto por última vez Precio válido a partir de Tipo de ítem Koha
        Colección General Biblioteca Universidad Nacional de General Sarmiento Biblioteca Universidad Nacional de General Sarmiento 31/01/2021   982.063 159utu 00022036 31/01/2021 31/01/2021 Libro
        Colección General Biblioteca Universidad Nacional de General Sarmiento Biblioteca Universidad Nacional de General Sarmiento 31/01/2021   982.063 159utu 00022038 31/01/2021 31/01/2021 Libro
        Colección General Biblioteca Universidad Nacional de General Sarmiento Biblioteca Universidad Nacional de General Sarmiento 31/01/2021   982.063 159utu S00022037 31/01/2021 31/01/2021 Lectura en Sala